LIBRARY & INFORMATION CENTRE, KCAET, TAVANUR

ONLINE PUBLIC ACCESS CATALOGUE (OPAC)

Runoff Estimation of KCAET Campus by Curve Number Method Adopting Remote Sensing and GIS Techniques (Record no. 15752)

MARC details
000 -LEADER
fixed length control field 00433nam a22001337a 4500
003 - CONTROL NUMBER IDENTIFIER
control field OSt
008 - FIXED-LENGTH DATA ELEMENTS--GENERAL INFORMATION
fixed length control field 190930b ||||| |||| 00| 0 eng d
082 ## - DEWEY DECIMAL CLASSIFICATION NUMBER
Classification number 631.587
Item number ANJ/RU
100 ## - MAIN ENTRY--AUTHOR NAME
Personal name Anjana, S R.
245 ## - TITLE STATEMENT
Title Runoff Estimation of KCAET Campus by Curve Number Method Adopting Remote Sensing and GIS Techniques
260 ## - PUBLICATION, DISTRIBUTION, ETC. (IMPRINT)
Place of publication TAVANUR
Name of publisher Department of Soil and Water Conservation Engineering
Year of publication 2019
300 ## - PHYSICAL DESCRIPTION
Number of Pages 83.
942 ## - ADDED ENTRY ELEMENTS (KOHA)
Koha item type Theses
Holdings
Withdrawn status Lost status Damaged status Home library Current library Date acquired Full call number Accession Number Koha item type Public note
      KAUAET KAUAET 30/09/2019 631.587 ANJ/RU T 463 Theses M.Tech Thesis
free website counter